000 02472cam a2200289 4500500
005 20260301001212.0
041 _afre
042 _adc
100 1 0 _aBoeuf Thomas, Marine
_eauthor
700 1 0 _aCharles, Rodolphe
_eauthor
245 0 0 _aTéléconsultations en cabines : des patients en recherche de soins non programmés
260 _c2024.
500 _a40
520 _aUne enquête a été menée auprès de patients téléconsultant des médecins généralistes via des bornes (cabines) de téléconsultation implantées en pharmacie. La numérisation de la santé apporte satisfaction aux patients-usagers même si ceux-ci sont fragiles vis-à-vis de l’utilisation de leurs données de santé. L’interface virtuelle peut freiner les plus âgés. Les utilisateurs ne considèrent pas les téléconsultations comme de réelles consultations mettant en jeu une démarche diagnostique et décisionnelle, mais comme un moyen d’obtenir une ordonnance et de valider leur auto-diagnostic. L’outil n’est utilisé qu’en cas d’indisponibilité du médecin traitant. Il est partie intégrante des soins non programmés. Il apparait comme une porte d’entrée vers la délégation de certains soins non programmés aux pharmaciens d’officine.
520 _aA survey of patients teleconsulting GPs via pharmacy-based teleconsultation kiosks has shed light on their use of this telemedicine tool. The digitization of healthcare brings satisfaction to patient users, even if they are fragile with regard to the use of their health data. The virtual interface may discourage older patients. Users do not see teleconsultations as real consultations involving diagnosis and decision-making, but as a means of obtaining a prescription and validating their self-diagnosis. The tool is only used when the attending physician is unavailable. It is an integral part of unscheduled care. It appears to be a gateway to the delegation of certain unscheduled care to pharmacists.
690 _aconsultation à distance
690 _ainterdisciplinarité
690 _amédecine générale
690 _asoins non programmés
690 _atélémédecine
690 _ageneral practice
690 _aremote consultation
690 _atelemedicine
690 _aunscheduled care
786 0 _nMédecine | 20 | 4 | 2024-04-12 | p. 160-165 | 1777-2044
856 4 1 _uhttps://stm.cairn.info/revue-medecine-2024-4-page-160?lang=fr&redirect-ssocas=7080
999 _c1673397
_d1673397